Minecraft - Statistics

General Stats
  • This quiz has been taken 6,601 times
    6,566 since last reset
  • The average score is 12 of 15
Answer Stats
Hint Answer % Correct
enderdragon lives here end
97%
sugar cane must grow next to... water
95%
requires a diamond pickaxe obsidian
91%
TNT contains gunpowder and... sand
90%
suicide bomber creeper
88%
ore occuring layer 19 and lower diamond
88%
wild cat ocelot
84%
red fungus covered cow mooshroom
81%
suicide bomber + lightning charged creeper
73%
spider-riding skeleton spider jockey
73%
damage inflicting plant cactus
69%
dead brother of notch herobrine
66%
"v" of iron in crafting table bucket
65%
used to gather wool from sheep shears
60%
"v" of wood planks in crafting table bowl
49%
No matching quizzes found
Score Distribution
Percent of People with Each Score
Percentile by Number Answered
Your Score History
You have not taken this quiz since the last reset